00473pab a2200145 454500008004000000245009200040260000900132300001000141362000900151650003700160773001200197909001000209999001700219952009100236180718b1990 xxu||||| |||| 00| 0 eng d aSpecial issue on reserved futuresbA symposium on the policy of positive discrimination c1990 a12-74 aNov. aReservation - Employment - India aSeminar a17757 c17757d17757 00104070aIIPAbIIPAd2018-07-19hIssue no: 375pAR17819r2018-07-19w2018-07-19yAR